[Event "Challenge"]
[Site "http://www.queenalice.com/game.php?id=613611"]
[Date "2009.7.5"]
[Round "-"]
[White "ianderson"]
[Black "cmnetto"]
[Result "0-1"]
[WhiteElo "1663"]
[BlackElo "1760"]

1. e4 c5 2. Nf3 g6 3. Bc4 Bg7 4. O-O e6 5. d3 Ne7 6. Nc3 O-O 7. Bf4 d5 8. exd5
exd5 9. Bxd5 Nxd5 10. Nxd5 Qxd5 11. c4 Qc6 12. Ne5 Qb6 13. b3 Nc6 14. Nxc6 Bxa1
15. Qxa1 Qxc6 16. Bh6 f6 17. Bxf8 Kxf8 18. h3 Bf5 19. d4 cxd4 20. Qxd4 Qc7 21.
Qxf6+ Qf7 22. Qxf7+ Kxf7 23. c5 Rc8 24. Rc1 Rd8 25. b4 Rd2 26. b5 Rxa2 27. c6
bxc6 28. bxc6 Re2 29. c7 Re8 30. g4 Be6 31. Ra1 a5 32. Rxa5 Rc8 33. Ra7 Ke7 34.
f4 Kd7 35. Kg2 Rxc7 36. Rxc7+ Kxc7 37. Kg3 Kd6 38. g5 Bf5 39. h4 Kd5 40. h5 Ke4
41. hxg6 hxg6 42. Kh4 Ke3 43. Kg3 Ke2 44. Kg2 Ke3 45. Kg3 Ke2 46. Kg2 Ke1 47.
Kf3 Kf1 48. Ke3 Kg2 49. Ke2 Kg3 50. Ke3 Kg4 51. Kd4 Kxf4 52. Kd5 Kxg5 0-1

[Event "MAIS UMA IV"]
[Site "http://www.queenalice.com/game.php?id=615760"]
[Date "2009.7.9"]
[Round "-"]
[White "perucona"]
[Black "ianderson"]
[Result "0-1"]
[WhiteElo "1553"]
[BlackElo "1622"]

1. e4 e5 2. d4 Nf6 3. d5 Nxe4 4. f3 Nf2 5. Kxf2 Bc5+ 6. Be3 Bxe3+ 7. Kxe3 O-O 8.
Nc3 d6 9. Nh3 c6 10. dxc6 Nxc6 11. Bb5 Nb4 12. a3 Qb6+ 13. Ke2 Bxh3 14. gxh3 a6
15. axb4 axb5 16. Rxa8 Rxa8 17. Nd5 Qd4 18. Qxd4 exd4 19. Kd3 Rc8 20. Re1 Rd8
21. Ne7+ Kf8 22. Nf5 g6 23. Ng3 Ra8 24. Ne2 Ra2 25. Rb1 Ra4 26. c3 dxc3 27. bxc3
Ke7 28. Nf4 f5 29. Nd5+ Ke6 30. Nb6 Ra6 31. Nc8 d5 32. Rc1 Kd7 33. Ne7 Kxe7 34.
Re1+ Kf6 35. Re8 Kg5 36. Rh8 h5 37. Kc2 Ra2+ 38. Kb3 Rxh2 39. c4 dxc4+ 40. Kc3
Rxh3 41. Rd8 Rxf3+ 42. Kd2 c3+ 43. Kc2 h4 44. Rd1 h3 45. Rh1 Kg4 46. Kc1 Kg3 47.
Rg1+ Kf2 48. Rh1 Kg2 49. Re1 Rf1 50. Rxf1 Kxf1 51. Kc2 h2 52. Kxc3 h1=Q 53. Kd4
Qe4+ 54. Kc5 f4 55. Kxb5 f3 56. Kb6 f2 57. b5 Kg2 58. Kc7 f1=Q 59. b6 Qf7+ 60.
Kb8 Qee8+ 61. Ka7 Qa2+ 62. Kxb7 Qd7+ 63. Kb8 Qg8# 0-1

[Event "Let's Play Chess!"]
[Site "http://www.queenalice.com/game.php?id=620189"]
[Date "2009.7.17"]
[Round "-"]
[White "ianderson"]
[Black "hipus"]
[Result "0-1"]
[WhiteElo "1629"]
[BlackElo "2197"]

1. e4 g6 2. Bc4 Bg7 3. Ne2 d6 4. d4 e6 5. Nbc3 a6 6. Be3 Ne7 7. Qd2 h6 8. O-O-O
b5 9. Bb3 Nd7 10. d5 e5 11. f4 f5 12. fxe5 Nxe5 13. Nf4 O-O 14. Ne6 Bxe6 15.
dxe6 a5 16. exf5 a4 17. Bd5 c6 18. Bxc6 N7xc6 19. Qd5 Ne7 20. Qxb5 Nxf5 21. Bb6
Qe7 22. Nxa4 Qxe6 23. Rhe1 Qxa2 24. Nc3 Qc4 25. Rd5 Ra1+ 26. Kd2 Qf4+ 27. Be3
Nxe3 28. Rxe3 Nc4+ 29. Kd3 Qxe3+ 30. Kxc4 Rc8+ 31. Kb3 Rxc3+ 32. Kb4 Qe4+ 0-1

[Event "AUTO-OPEN-1641"]
[Site "http://www.queenalice.com/game.php?id=628440"]
[Date "2009.8.1"]
[Round "1"]
[White "ianderson"]
[Black "J_Ricardo"]
[Result "0-1"]
[WhiteElo "1655"]
[BlackElo "1499"]

1. e4 e5 2. Nf3 Nc6 3. Bc4 h6 4. b3 d6 5. h3 a6 6. a3 Nf6 7. d3 b5 8. Bxf7+ Kxf7
9. c4 Be7 10. cxb5 axb5 11. Bb2 Rf8 12. b4 Kg8 13. O-O Nh5 14. Nbd2 Nf4 15. Nb3
Qe8 16. d4 exd4 17. Nfxd4 Qg6 18. g3 Nxh3+ 19. Kg2 Qxe4+ 20. f3 Qd5 21. Nxc6
Qxc6 22. Nd4 Qd7 23. Qb3+ Rf7 24. Rac1 Ng5 25. g4 Bb7 26. Kh2 c5 27. bxc5 dxc5
28. Nxb5 Nxf3+ 29. Kg3 Bd6+ 30. Nxd6 Qxd6+ 31. Kh3 Qh2# 0-1

[Event "AUTO-OPEN-1641"]
[Site "http://www.queenalice.com/game.php?id=628441"]
[Date "2009.8.1"]
[Round "1"]
[White "J_Ricardo"]
[Black "ianderson"]
[Result "0-1"]
[WhiteElo "1525"]
[BlackElo "1627"]

1. e4 e5 2. b3 Nf6 3. d3 h6 4. Bb2 Nc6 5. Bc3 Bc5 6. h3 Nd4 7. Nd2 b5 8. a3 c6
9. a4 b4 10. Bb2 d5 11. c3 bxc3 12. Bxc3 O-O 13. b4 Bd6 14. exd5 Nxd5 15. Nb1
Nxc3 16. Nxc3 Bxb4 17. Rc1 Re8 18. Ne2 Be6 19. Nxd4 exd4 20. Be2 Bxc3+ 21. Kf1
Bb2 22. Rc2 Bb3 23. Qb1 Bxc2 24. Qxc2 Bc3 25. Kg1 Rb8 26. Kh2 Rb2 27. Qd1 Rbxe2
28. f3 Qd6+ 29. f4 Qxf4+ 30. Kg1 Qf2+ 31. Kh2 Qxg2# 0-1

[Event "AUTO-OPEN-1641"]
[Site "http://www.queenalice.com/game.php?id=628442"]
[Date "2009.8.1"]
[Round "1"]
[White "ianderson"]
[Black "edgar_pitoco"]
[Result "1-0"]
[WhiteElo "1647"]
[BlackElo "1160"]

1. e4 g5 2. g3 e5 3. Bg2 Nf6 4. d3 d6 5. Bxg5 h6 6. Bxf6 Qxf6 7. Ne2 h5 8. c4 h4
9. Nbc3 hxg3 10. Nd5 Qd8 11. Nxg3 c6 12. Nb4 d5 13. O-O a5 14. Nc2 dxc4 15. dxc4
Be6 16. Qxd8+ Kxd8 17. Rfd1+ Ke7 18. b3 a4 19. Rd3 a3 20. Rad1 Bh6 21. Nf5+ Bxf5
22. exf5 Kf6 23. Ne3 Na6 24. Ng4+ Kg7 25. f6+ Kg6 26. Be4+ Kg5 27. Nxe5 Nb4 28.
Rd6 Nxa2 29. Nxf7+ Kf4 30. Nxh8 Nc3 31. f7 Bg7 32. Ng6+ Kxe4 33. Re1+ Kf5 34.
Ne7+ Kg5 35. Rg6+ Kh5 36. Rxg7 b6 37. Rg8 Rxg8+ 38. fxg8=Q a2 39. Qg6+ Kh4 40.
Kg2 b5 41. Nf5# 1-0

[Event "AUTO-OPEN-1641"]
[Site "http://www.queenalice.com/game.php?id=628443"]
[Date "2009.8.1"]
[Round "1"]
[White "edgar_pitoco"]
[Black "ianderson"]
[Result "0-1"]
[WhiteElo "1108"]
[BlackElo "1655"]

1. g4 e5 2. Nf3 d6 3. h3 Nf6 4. g5 Ne4 5. d3 Nxf2 6. Kxf2 Nc6 7. c3 d5 8. d4 Bd6
9. dxe5 Bc5+ 10. e3 O-O 11. Bd3 b5 12. Bxb5 Na5 13. h4 Bg4 14. b4 a6 15. Be2
Bxb4 16. cxb4 Nc6 17. a3 Qe7 18. Qxd5 Nxe5 19. Nxe5 Rad8 20. Qa5 c6 21. Bxg4 Rd5
22. Qxa6 Qxe5 23. Qxc6 Rd6 24. Qc3 Qe4 25. Rg1 Rd3 26. Qc2 f6 27. Nd2 fxg5+ 28.
Ke1 Qxe3+ 29. Be2 Qxg1+ 30. Nf1 Qf2# 0-1

[Event "AUTO-OPEN-1641"]
[Site "http://www.queenalice.com/game.php?id=628444"]
[Date "2009.8.1"]
[Round "1"]
[White "ianderson"]
[Black "merlin"]
[Result "0-1"]
[WhiteElo "1677"]
[BlackElo "1681"]

1. d4 d6 2. Nf3 g6 3. g3 Bg7 4. Bg2 Nf6 5. h3 Nc6 6. a3 Be6 7. Nc3 Qd7 8. O-O
Bxh3 9. Bxh3 Qxh3 10. Ng5 Qf5 11. e4 Qd7 12. Qe2 Nxd4 13. Qc4 Ne6 14. Nxf7 Kxf7
15. Nd5 b5 16. Qb4 c5 17. Qa5 Nxe4 18. Be3 N4g5 19. Bxg5 Nxg5 20. Rae1 e6 21.
Nc7 Nf3+ 22. Kh1 Nxe1 23. Nxa8 Qc6+ 24. Kh2 Qg2# 0-1

[Event "AUTO-OPEN-1641"]
[Site "http://www.queenalice.com/game.php?id=628445"]
[Date "2009.8.1"]
[Round "1"]
[White "merlin"]
[Black "ianderson"]
[Result "0-1"]
[WhiteElo "1733"]
[BlackElo "1647"]

1. e4 e5 2. Nf3 Nc6 3. c3 Nf6 4. d4 exd4 5. Nxd4 Nxe4 6. Qe2 d5 7. f3 Be7 8.
fxe4 dxe4 9. Qxe4 O-O 10. Bd3 Bh4+ 11. g3 f5 12. Qg2 Qe7+ 13. Be2 Bd7 14. O-O
Bg5 15. Bxg5 Qxg5 16. h4 Qe3+ 17. Rf2 Qc1+ 18. Kh2 Kh8 19. Bd3 Ne5 20. Rc2 Ng4+
21. Kh3 Qe3 22. Re2 f4 23. Rxe3 Nxe3+ 24. Kh2 Nxg2 25. Kxg2 c5 26. Nf3 Rae8 27.
Nbd2 Re3 28. Be4 Re2+ 29. Kf1 Bb5 30. c4 Bxc4 31. Nxc4 Rxe4 32. Nd6 Re3 33. Kg2
fxg3 34. Rd1 Rexf3 35. Nf7+ R3xf7 36. Kxg3 h5 37. b3 Rf3+ 38. Kg2 Rf2+ 39. Kg1
g5 40. hxg5 h4 41. g6 h3 42. Rd7 Kg8 43. g7 R8f7 44. Rxf7 Rxf7 45. Kh2 Rf3 46.
Kg1 Kxg7 47. a3 Kg6 48. Kh2 Kg5 49. b4 c4 50. a4 Kg4 51. a5 Rf2+ 52. Kg1 Kg3 0-1

[Event "Challenge"]
[Site "http://www.queenalice.com/game.php?id=635922"]
[Date "2009.8.13"]
[Round "-"]
[White "ianderson"]
[Black "ppaazziinnii"]
[Result "0-1"]
[WhiteElo "1666"]
[BlackElo "1693"]

1. e4 c5 2. Nf3 d6 3. Nc3 g6 4. Bb5+ Nc6 5. Bc4 Bg7 6. Ng5 e6 7. Qf3 Qxg5 8. d3
Qd8 9. Be3 Nf6 10. Bb5 O-O 11. O-O Re8 12. d4 cxd4 13. Bxd4 Nxd4 14. Qd3 Nxb5
15. Nxb5 d5 16. e5 Nd7 17. Nd6 Nxe5 18. Qe2 Qxd6 19. Rad1 b6 20. b3 a5 21. c4 a4
22. cxd5 exd5 23. b4 Ba6 24. b5 Bb7 25. f4 Nd7 26. Qf3 Qc5+ 27. Rf2 Bd4 28. Rxd4
Re1+ 29. Rf1 Rxf1+ 30. Kxf1 Qxd4 31. Qg4 Nf6 32. Qe2 Qxf4+ 33. Kg1 Ng4 34. Kh1
Qxh2# 0-1

[Event "Challenge"]
[Site "http://www.queenalice.com/game.php?id=642480"]
[Date "2009.8.26"]
[Round "-"]
[White "cmnetto"]
[Black "ianderson"]
[Result "1-0"]
[WhiteElo "1769"]
[BlackElo "1644"]

1. d4 Nf6 2. Nf3 d6 3. Nc3 g6 4. Bg5 Bg7 5. Qd2 O-O 6. Bh6 Bxh6 7. Qxh6 Ng4 8.
Qg5 Nxf2 9. Kxf2 Bf5 10. e4 f6 11. Qh6 Nc6 12. exf5 gxf5 13. Bd3 Qd7 14. Rhe1 e5
15. d5 Nb4 16. Bb5 c6 17. dxc6 bxc6 18. Bd3 Qb7 19. Bxf5 Rae8 20. Nh4 Qb6+ 21.
Qe3 Qxe3+ 22. Rxe3 Rb8 23. Rg3+ Kf7 24. Be4 d5 25. Bxh7 Rh8 26. Bg6+ Ke7 27. a3
Nxc2 28. Rc1 Rxb2 29. Nf5+ Kf8 30. Kg1 Nxa3 31. Na4 Rd2 32. Rxc6 1-0

[Event "AUTO-ADV-1452"]
[Site "http://www.queenalice.com/game.php?id=642813"]
[Date "2009.8.26"]
[Round "1"]
[White "Pcchess"]
[Black "ianderson"]
[Result "1-0"]
[WhiteElo "1985"]
[BlackElo "1624"]

1. e4 e5 2. Nf3 Nc6 3. d4 Bd6 4. d5 Nb4 5. c4 Nf6 6. Nc3 O-O 7. a3 Nc6 8. dxc6
dxc6 9. Bg5 h6 10. Bh4 Bg4 11. Be2 Be7 12. Qxd8 Raxd8 13. Rd1 Rxd1+ 14. Bxd1 Be6
15. Be2 Bc5 16. Nxe5 Ng4 17. Bxg4 Bxg4 18. Nxg4 Re8 19. O-O b5 20. cxb5 cxb5 21.
Re1 b4 22. axb4 Bxb4 23. e5 Bxc3 24. bxc3 h5 25. Ne3 Rxe5 26. Nc2 Ra5 27. h3 c5
28. Ra1 Rb5 29. Rxa7 Rb1+ 30. Kh2 Rc1 31. Ra2 f5 32. Be7 c4 33. Bc5 g6 34. Bd4
Kf7 35. Ne3 f4 36. Nxc4 Ke6 37. Ne5 g5 38. c4 Rd1 39. Ra6+ Kf5 40. Rd6 Rd2 41.
c5 g4 42. c6 Ra2 43. c7 g3+ 44. fxg3 fxg3+ 45. Kxg3 Rc2 46. Rc6 Rxc6 47. Nxc6
1-0

[Event "AUTO-ADV-1452"]
[Site "http://www.queenalice.com/game.php?id=642814"]
[Date "2009.8.26"]
[Round "1"]
[White "ianderson"]
[Black "Pcchess"]
[Result "0-1"]
[WhiteElo "1627"]
[BlackElo "1979"]

1. d4 Nf6 2. Nc3 g6 3. Bf4 Bg7 4. Qd2 O-O 5. h3 d6 6. e4 Nbd7 7. e5 Nh5 8. Nf3
Nxf4 9. Qxf4 dxe5 10. dxe5 c6 11. Bc4 Qc7 12. O-O-O Nxe5 13. Nxe5 Bxe5 14. Qf3
b5 15. Nxb5 Qb6 16. Rhe1 Bf6 17. a3 Bb7 18. Nc3 Rab8 19. Na4 Qa5 20. Bb3 c5 21.
Qg3 c4 22. Bxc4 Qxa4 23. Bxf7+ Kxf7 24. Qe3 Bc8 25. c3 Qb5 26. Rd2 Bd7 27. Qd3
Bg5 28. Qxb5 Bxb5 29. b4 Rfd8 30. Kc2 Rxd2+ 31. Kb3 Rc8 32. Re5 Bc4+ 33. Ka4 Bf6
34. Re3 a6 35. g4 Bb5+ 36. Ka5 Rxc3 37. Rxc3 Bxc3 38. a4 Be2 39. f4 Rd5+ 40. Kb6
Bxb4 0-1

[Event "AUTO-ADV-1452"]
[Site "http://www.queenalice.com/game.php?id=642825"]
[Date "2009.8.26"]
[Round "1"]
[White "yanpom"]
[Black "ianderson"]
[Result "1-0"]
[WhiteElo "1934"]
[BlackElo "1649"]

1. e4 e5 2. Nf3 d6 3. d4 Be7 4. dxe5 dxe5 5. Qxd8+ Bxd8 6. Nxe5 Nf6 7. Bc4 O-O
8. Nc3 c6 9. O-O b5 10. Bb3 b4 11. Na4 Nbd7 12. Nxd7 Nxd7 13. c3 bxc3 14. Nxc3
Ba6 15. Re1 Bf6 16. Bd2 Ne5 17. Bc2 Nc4 18. Bd3 Nxd2 19. Bxa6 Rab8 20. e5 Bg5
21. b3 Rb6 22. Be2 Re8 23. Bf3 Nxf3+ 24. gxf3 Bd2 25. Na4 Rb4 26. Re2 Bf4 27.
Rae1 Rb5 28. Kg2 h6 29. e6 Rg5+ 30. Kf1 fxe6 31. Rxe6 Rxe6 32. Rxe6 Bxh2 33.
Re8+ Kf7 34. Ra8 a5 35. Nb6 Kg6 36. Nc4 Rg1+ 37. Ke2 Rc1 38. Rxa5 Rc2+ 39. Ke3
h5 40. Rc5 1-0

[Event "AUTO-ADV-1452"]
[Site "http://www.queenalice.com/game.php?id=642826"]
[Date "2009.8.26"]
[Round "1"]
[White "ianderson"]
[Black "yanpom"]
[Result "0-1"]
[WhiteElo "1666"]
[BlackElo "1995"]

1. e4 e5 2. Nf3 Nc6 3. Bc4 Bc5 4. O-O Nf6 5. Ng5 O-O 6. Nc3 h6 7. Nxf7 Rxf7 8.
Bxf7+ Kxf7 9. d3 d6 10. Nd5 Be6 11. c3 Bxd5 12. exd5 Nxd5 13. Qf3+ Nf6 14. Be3
Bb6 15. Bxb6 axb6 16. a3 Qe7 17. Rad1 Rf8 18. Rfe1 Kg8 19. d4 e4 20. Qf5 Kh8 21.
f3 d5 22. fxe4 dxe4 23. d5 Na7 24. c4 Qd6 25. Re3 c6 26. b3 Nxd5 27. Qh5 Nxe3
28. Re1 Qd2 29. Qe2 Qxe2 30. Rxe2 Rf1# 0-1

[Event "AUTO-ADV-1452"]
[Site "http://www.queenalice.com/game.php?id=642833"]
[Date "2009.8.26"]
[Round "1"]
[White "ianderson"]
[Black "salso"]
[Result "0-1"]
[WhiteElo "1621"]
[BlackElo "1916"]

1. e4 e5 2. Nf3 d6 3. h3 f5 4. Nc3 Nf6 5. Bc4 Nxe4 6. Nxe4 fxe4 7. Nxe5 Qg5 8.
Nf7 Qxg2 9. Bf1 Qxh1 10. Nxh8 Bxh3 11. Qe2 Qxf1+ 12. Qxf1 Bxf1 13. Kxf1 g6 14.
d3 exd3 15. cxd3 Bg7 16. Nxg6 hxg6 17. Rb1 Nc6 18. Bg5 Kf7 19. b3 Rh8 20. Kg2
Nb4 21. Rc1 c5 22. Bf4 Nxd3 23. Rc4 Nxf4+ 24. Rxf4+ Ke6 25. a4 g5 26. Re4+ Be5
27. Kf3 Rh4 28. Rxh4 gxh4 29. Kg4 Bf6 30. f3 d5 0-1

[Event "AUTO-ADV-1452"]
[Site "http://www.queenalice.com/game.php?id=642834"]
[Date "2009.8.26"]
[Round "1"]
[White "salso"]
[Black "ianderson"]
[Result "0-1"]
[WhiteElo "1512"]
[BlackElo "1617"]

1. d4 d5 2. e3 Nf6 3. Bd3 g6 4. Nf3 Bg7 5. c4 c6 6. Nc3 O-O 7. cxd5 cxd5 8. Bd2
Nc6 9. Qb3 Na5 10. Qa4 Bd7 11. Qa3 Nc4 12. Bxc4 dxc4 13. e4 Bb5 14. Nxb5 Nxe4
15. Be3 Qb6 16. Nc3 Nxc3 17. bxc3 h6 18. O-O Rad8 19. Qxe7 Qb2 20. Rfb1 Qxc3 21.
Bd2 Rfe8 22. Qxe8+ Rxe8 23. Bxc3 b6 24. Re1 Rb8 25. Re7 a5 26. Ne5 Kf8 27. Rxf7+
Kg8 28. Rxg7+ Kxg7 29. d5 Kg8 30. Rb1 Rd8 0-1

[Event "Challenge"]
[Site "http://www.queenalice.com/game.php?id=683044"]
[Date "2009.11.14"]
[Round "-"]
[White "thedead"]
[Black "ianderson"]
[Result "0-1"]
[WhiteElo "1533"]
[BlackElo "1611"]

1. e4 e5 2. Nf3 Nc6 3. d3 Bc5 4. h3 Nf6 5. c3 h6 6. Be2 d6 7. O-O b6 8. b4 Bxb4
9. cxb4 Nxb4 10. Re1 O-O 11. Nc3 Ba6 12. a3 Nc6 13. Be3 d5 14. exd5 Nxd5 15.
Nxd5 Bb7 16. Nc3 Nd4 17. Nxe5 Nxe2+ 18. Qxe2 Re8 19. Nf3 c5 20. Rad1 Ba6 21. Nh4
Qxh4 22. Ne4 Re6 23. Qf3 Rd8 24. Qg3 Qxg3 0-1

[Event "Challenge"]
[Site "http://www.queenalice.com/game.php?id=686298"]
[Date "2009.11.20"]
[Round "-"]
[White "WILSONCSQ"]
[Black "ianderson"]
[Result "1-0"]
[WhiteElo "1636"]
[BlackElo "1635"]

1. e4 e5 2. Nf3 Nc6 3. Nc3 Bc5 4. d3 h6 5. Be2 Nf6 6. O-O a6 7. Na4 b6 8. Bd2 d6
9. a3 b5 10. Nxc5 dxc5 11. Bc3 O-O 12. Nxe5 Nxe5 13. Bxe5 Bb7 14. Bg4 Qe7 15.
Bxf6 Qxf6 16. c3 Rad8 17. b4 cxb4 18. cxb4 Bxe4 19. Qe1 Bxd3 20. Rd1 Bxf1 21.
Kxf1 Rxd1 22. Qxd1 Rd8 23. Qe1 Qb2 24. g3 Qb3 25. Qe7 Rd1+ 26. Bxd1 Qxd1+ 27.
Kg2 Qd3 28. Qe8+ Kh7 29. Qxf7 Qxa3 30. Qxc7 Qxb4 31. Qc2+ Kg8 32. Qc8+ Qf8 33.
Qxa6 b4 34. Qc4+ Kh7 35. Qd3+ 1-0

[Event "Let's Play Chess!"]
[Site "http://www.queenalice.com/game.php?id=702572"]
[Date "2009.12.23"]
[Round "-"]
[White "ianderson"]
[Black "GuiGui1993"]
[Result "0-1"]
[WhiteElo "1625"]
[BlackElo "1676"]

1. e4 e5 2. Nf3 Nc6 3. Bc4 Bc5 4. d3 h6 5. b3 a6 6. Bb2 d6 7. h3 Nge7 8. Nc3 O-O
9. O-O Ng6 10. Nd5 b5 11. Nd2 bxc4 12. Nxc4 Nce7 13. Nxe7+ Qxe7 14. Qd2 f5 15.
exf5 Rxf5 16. Ne3 Bxe3 17. fxe3 Nh4 18. Rxf5 Bxf5 19. Qf2 Qg5 20. Kf1 Bxh3 21.
gxh3 Rf8 22. Qxf8+ Kxf8 23. d4 exd4 24. exd4 Qg2+ 0-1

[Event "Challenge"]
[Site "http://www.queenalice.com/game.php?id=713128"]
[Date "2010.1.13"]
[Round "-"]
[White "ianderson"]
[Black "joserie"]
[Result "0-1"]
[WhiteElo "1611"]
[BlackElo "2102"]

1. e4 c5 2. Bc4 Nc6 3. Qh5 e6 4. Nf3 Nf6 5. Qh4 Be7 6. d3 O-O 7. Ng5 Ne5 8. O-O
Ng6 9. Qg3 d5 10. e5 dxc4 11. Qh3 h6 12. exf6 Bxf6 13. Ne4 cxd3 14. cxd3 Bd4 15.
Nbd2 e5 16. Qg3 Nf4 17. Re1 f5 18. Nb3 fxe4 19. Nxd4 cxd4 20. Rxe4 Qf6 21. Bxf4
exf4 22. Rxf4 Qxf4 23. Qxf4 Rxf4 24. g3 Rf6 25. f4 Bh3 26. b4 g5 27. fxg5 Rf3
28. gxh6 Raf8 29. b5 Rf1+ 0-1

[Event "Challenge"]
[Site "http://www.queenalice.com/game.php?id=718660"]
[Date "2010.1.23"]
[Round "-"]
[White "ianderson"]
[Black "cueio"]
[Result "0-1"]
[WhiteElo "1619"]
[BlackElo "1541"]

1. e4 Nc6 2. Bc4 Nf6 3. Nf3 Nxe4 4. O-O d5 5. d3 Nf6 6. Bb5 Bd7 7. Bf4 a6 8.
Bxc6 Bxc6 9. Ne5 Bb5 10. c4 dxc4 11. dxc4 Bd7 12. Qxd7+ Nxd7 0-1